000 00851nas a2200277 4500
001 BR8204865
003 BR-BrBNA
005 20231205085229.0
007 ta
008 230509b bl.|||p| |||| 00| 00por d
040 _aBR-BrBNA
_bpor
_cBiblioteca Nacional de Agricultura
041 _a(Pt)
072 _aH20
100 1 _aCastro, H.A.
100 1 _aKrugner, T.L.
245 1 _aIncidencia de apodrecimento de cerne em arvores vivas de Eucalyptus na regiao de Guaiba-Rio Grande do Sul [Brasil]
_bParte de tese
650 _aEUCALIPTO
650 _aPODRIDAO BRANCA
650 _aCERNE
650 _aFUNGO
650 _aGUAIBA
650 _aRIO GRANDE DO SUL
773 0 _tSumma Phytopathologica (Brazil)
_xISSN 0100-5405
_g(Jul-Dec 1982), v. 8(3-4) p. 3-11
_wBR8204865
909 _a202311
_bLúcia
_c55
_dLúcia Elande
942 _2AGRIS
_n0
_cANA
999 _c110115
_d110115